The rise of Silas Lapham / (Record no. 20573)
[ view plain ]
| 000 -LEADER | |
|---|---|
| fixed length control field | 00779nam a22002532a 4500 |
| 001 - CONTROL NUMBER | |
| control field | 20573 |
| 003 - CONTROL NUMBER IDENTIFIER | |
| rucl marc code | BD-RjUL |
| 005 - DATE AND TIME OF LATEST TRANSACTION | |
| control field | 20211209000601.0 |
| 008 - FIXED-LENGTH DATA ELEMENTS--GENERAL INFORMATION | |
| fixed length control field | 140301r19501948en 000 0 eng d |
| 035 ## - SYSTEM CONTROL NUMBER | |
| System control number | (BD-RjUL)20635 |
| 040 ## - CATALOGING SOURCE | |
| Original cataloging agency | GAS |
| Transcribing agency | GAS |
| Modifying agency | EQO |
| -- | BD-RjUL |
| Language of cataloging | eng |
| 041 ## - LANGUAGE CODE | |
| Language code of text/sound track or separate title | eng |
| 082 04 - DEWEY DECIMAL CLASSIFICATION NUMBER | |
| Classification number | 823 |
| Author mark and year | HOR 1950 |
| 090 ## - LOCALLY ASSIGNED LC-TYPE CALL NUMBER (OCLC); LOCAL CALL NUMBER (OCLC) | |
| Classification number (OCLC) (R) ; Classification number, CALL (RLIN) (NR) | PZ3.H84 |
| Local cutter number (OCLC) ; Book number/undivided call number, CALL (RLIN) | Ri48 |
| 100 1# - MAIN ENTRY--PERSONAL NAME | |
| Personal name | Howells, William Dean, |
| Dates associated with a name | 1837-1920. |
| 9 (RLIN) | 54835 |
| 245 14 - TITLE STATEMENT | |
| Title | The rise of Silas Lapham / |
| Statement of responsibility, etc. | with an introduction by Howard Mumford Jones |
| 260 ## - PUBLICATION, DISTRIBUTION, ETC. (IMPRINT) | |
| Place of publication, distribution, etc. | London : |
| Name of publisher, distributor, etc. | Oxford University Press, |
| Date of publication, distribution, etc. | 1948 [reprinted 1950]. |
| 300 ## - PHYSICAL DESCRIPTION | |
| Pagination | 385 p. ; |
| Size | 18 cm. |
| 490 1# - SERIES STATEMENT | |
| Series statement | World's classics |
| 650 1# - SUBJECT ADDED ENTRY--TOPICAL TERM | |
| Topical term or geographic name as entry element | Businessmen -- United States -- Fiction. |
| 9 (RLIN) | 63472 |
| 830 #0 - SERIES ADDED ENTRY--UNIFORM TITLE | |
| Uniform title | World's classics |
| 942 ## - ADDED ENTRY ELEMENTS (KOHA) | |
| Source of classification or shelving scheme | Dewey Decimal Classification |
| Koha item type | Books |
| Lost status | Source of classification or shelving scheme | Damaged status | Not for loan | Collection code | Permanent Location | Current Location | Shelving location | Date acquired | Source of acquisition | Cost, normal purchase price | Total Checkouts | Full call number | Date last seen | Copy number | Koha item type |
|---|---|---|---|---|---|---|---|---|---|---|---|---|---|---|---|
| Dewey Decimal Classification | Added to bundle | Fiction | Central Library, University of Rajshahi | Central Library, University of Rajshahi | Reading Room | 25/10/1954 | O.U.P. | 2.13 | 823 HOR 1950 | 01/03/2014 | C-1 | Books |